MARC

LEADER 00000nam0a2200000 4500
001 101093
005 20231031112521.0
035 |a (RuTPU)RU\TPU\book\108846 
090 |a 101093 
100 |a 20060831d1987 k y0rusy50 ca 
101 0 |a rus 
102 |a RU 
105 |a a z 001zy 
200 1 |a Физика и техника мощных импульсных систем  |e сборник статей  |f Институт атомной энергии им. И. В. Курчатова; под ред. Е. П. Велихова 
210 |a Москва  |c Энергоатомиздат  |d 1987 
215 |a 352 с.  |c ил. 
320 |a Библиогр.: с. 346-348. 
610 1 |a импульсные системы 
610 1 |a генераторы 
610 1 |a МГД-генераторы 
610 1 |a контроль 
610 1 |a метрологическое обеспечение 
675 |a 621.374  |v 3 
702 1 |a Велихов  |b Е. П.  |4 340 
712 0 2 |a Академия наук СССР (АН СССР)  |b Институт атомной энергии им. И. В. Курчатова  |c (Москва)  |2 stltpush  |3 (RuTPU)RU\TPU\col\2585 
801 1 |a RU  |b 63413507  |c 20060831  |g PSBO 
801 2 |a RU  |b 63413507  |c 20110712  |g PSBO 
900 |a Мощная импульсная техника 
900 |a Физика и техника генерирования и измерения высоковольтных и сильноточных сигналов 
900 |a Получение и применение пучков заряженных частиц 
942 |c BK